Online
Catalog

Vivencias y ocurrencias veganas : (Record no. 29856)

MARC details
000 -CABECERA
campo de control de longitud fija 01250nam a2200265 a 4500
001 - NÚMERO DE CONTROL
campo de control 000030364
005 - FECHA Y HORA DE LA ÚLTIMA TRANSACCIÓN
campo de control 20240408175713.0
008 - DATOS DE LONGITUD FIJA--INFORMACIÓN GENERAL
campo de control de longitud fija 110511s2009 dr g 000 0 spa d
020 ## - NÚMERO INTERNACIONAL ESTÁNDAR DEL LIBRO
ISBN cancelado o inválido 9789993442974
040 ## - FUENTE DE LA CATALOGACIÓN
Centro catalogador/agencia de origen DO-SdBNP
Lengua de catalogación spa
Centro/agencia transcriptor BNPHU
082 ## - NÚMERO DE LA CLASIFICACIÓN DECIMAL DEWEY
Número de clasificación 972.93697
Número de documento/Ítem M779v
049 ## - FONDOS LOCALES (OCLC)
Fondos de biblioteca BNPD
100 1# - ENTRADA PRINCIPAL--NOMBRE DE PERSONA
Nombre de persona Montesano, Ariosto,
Fechas asociadas al nombre 1949-
9 (RLIN) 57008
245 10 - MENCIÓN DE TÍTULO
Título Vivencias y ocurrencias veganas :
Resto del título personajes y anécdotas /
Mención de responsabilidad, etc. Ariosto Montesano ; prólogo Ramón González Hardy.
260 ## - PUBLICACIÓN, DISTRIBUCIÓN, ETC.
Lugar de publicación, distribución, etc. Santo Domingo :
Nombre del editor, distribuidor, etc. Ediciones Ferilibro,
Fabricante Corripio
Fecha de publicación, distribución, etc. 2009.
300 ## - DESCRIPCIÓN FÍSICA
Extensión 74 p. ;
Dimensiones 23 cm.
500 ## - NOTA GENERAL
Nota general Incluye datos biográficos del autor en la solapa de la cubierta.
504 ## - NOTA DE BIBLIOGRAFÍA, ETC.
Nota de bibliografía, etc. Bibliografía : p. 71.
505 0# - NOTA DE CONTENIDO CON FORMATO
Información miscelánea Prólogo /
Mención de responsabilidad Ramón González Hardy --
Título Introducción --
-- El 3 en La Vega --
-- Anécdotas --
-- Personajes --
-- Breves memorias --
-- Notas deportivas --
-- Test para saber si ud. es Vegano (vieja generación) --
-- Obras consultadas.
650 #4 - PUNTO DE ACCESO ADICIONAL DE MATERIA--TÉRMINO DE MATERIA
Término de materia o nombre geográfico como elemento de entrada Ciudades y pueblos
Subdivisión geográfica República Dominicana
9 (RLIN) 784
651 #0 - PUNTO DE ACCESO ADICIONAL DE MATERIA--NOMBRE GEOGRÁFICO
Nombre geográfico Concepción de la Vega (Republica Dominicana )
9 (RLIN) 2180
651 #4 - PUNTO DE ACCESO ADICIONAL DE MATERIA--NOMBRE GEOGRÁFICO
Nombre geográfico La Vega (República Dominicana{Rpara}
Subdivisión general Vida Social Y Costumbres
9 (RLIN) 8244
700 1# - PUNTO DE ACCESO ADICIONAL--NOMBRE DE PERSONA
Nombre de persona González Hardy, Ramón,
Término indicativo de función/relación pról.
9 (RLIN) 57009
910 ## - DATOS DE OPCIÓN DEL USUARIO (OCLC)
Datos de opción del usuario Validado. Control de calidad EMS.
Holdings
Estado de retiro Estado de pérdida No para préstamo Código de colección Localización permanente Ubicación/localización actual Ubicación en estantería Fecha de adquisición Número de inventario Total de préstamos Signatura topográfica completa Código de barras Fecha visto por última vez Precio válido a partir de Tipo de ítem Koha
    Excluido de préstamo Patrimonio Dominicano Patrimonio Dominicano Patrimonio Dominicano Depósito 11.05.2011 LF1   972.93697 M779v 30364-10 25.06.2020 25.06.2020 Libro y Folleto Colección Patrimonio Dominicano

Powered by Koha